000 00760na a2200229 4500
001 16163
003 MIRAKIL
005 20181213154837.0
008 161002b tu 000 0
020 _a9789758081615
035 _a16163
040 _aMilas
_btur
_cTR-AnCHP
082 _a809.8
_bK91 2012
090 _a809.8 K91 2012
245 _aKüçük adamların büyük hikayeleri
_bDarıca Namık Kemal İlköğretim Okulu 3-A sınıfı
_chazırlayan Mustafa Tırınk
246 _aDarıca Namık Kemal İlköğretim Okulu 3-A sınıfı
260 _aİstanbul
_b[yayl. y.]
_c2012
_fŞan Ofset
300 _a232 s.
_bresim var.
_c19 sm.
650 _aTürk öyküleri
_xSeçkiler
650 _aTürk edebiyatı
_xÖyküler
_ySeçkiler
942 _2ddc
_cBKS
999 _c1877
_d1877